00700nam a2200157 a 450000100100000000500170001000800410002704000250006810000750009324501350016826000870030330000210039004900090041195201050042099900170052500002747120240313135919.0110401s1954 dr 000 0 spa d aDO-SdBNPbspacBNPHU1 a Mejía-Ricart G., Marcio,d1933-q(Mejía-Ricart Guzmán), |9841110aPrincipios fundamentales de economía política :badecuada a las instituciones dominicanas /cMarcio Antonio Mejía- Ricart G. aCiudad Trujillo, República Dominicana :bEditorial Librería Dominicana,c1954. a208 P. ;c23 cm. aBNPD 0010718PDaPDbPDcCTd2011-04-01iLF1l0o p27471-10r2020-06-25w2020-06-25yLFPDZNo se presta c26963d26963